Bianco giorno offeso /

Guardat en:
Dades bibliogràfiques
Autor principal: Dones, Elvira (Autor)
Format: Llibre
Idioma:italià
Publicat: Novara : Interlinea, °2004!
Col·lecció:Biblioteca di narrativa ; 11
Etiquetes: Afegir etiqueta
Sense etiquetes, Sigues el primer a etiquetar aquest registre!

MARC

LEADER 00000nam a2200000 i 4500
001 IT\ICCU\MIL\0636414
003 ItRI
005 20260405224147.0
008 040617s2004 it |||||| ||||| |||||c
015 |2 IT  |a 2004-12940 
020 |a 8882124606 
040 |b ita  |c arcigay brescia 
041 7 |a ita  |2 ISO-639-2 
082 |a 891.9913  |2 21 
100 1 |a Dones, Elvira  |0 IT\ICCU\REAV\096320  |4 aut 
240 1 0 |a Ditë e bardhë e fyer.  |9 Dones, Elvira 
245 1 0 |a Bianco giorno offeso /  |c Elvira Dones. 
260 |a Novara :  |b Interlinea,  |c °2004! 
300 |a 244 p. ;  |c 21 cm 
500 |a Trad. di E. Dones. 
830 0 |a Biblioteca di narrativa ;  |v 11  |0 IT\ICCU\RAV\0332339 
942 |2 ddc  |c BK 
952 |0 0  |1 0  |2 ddc  |4 0  |6 15  |7 0  |9 28558  |a BS  |b BS  |d 2026-02-06  |i 361  |l 0  |o 1-5-*  |r 2026-02-06 22:40:37  |w 2026-02-06  |x [REVISIONARE]  |y BK 
999 |c 28933  |d 28933